Normal view MARC view

Entry Topical Term

Number of records used in: 1

001 - CONTROL NUMBER

  • control field: 27913

003 - CONTROL NUMBER IDENTIFIER

  • control field: OSt

005 - DATE AND TIME OF LATEST TRANSACTION

  • control field: 20211005122500.0

008 - FIXED-LENGTH DATA ELEMENTS

  • fixed length control field: 211005|| aca||aabn | a|a d

040 ## - CATALOGING SOURCE

  • Original cataloging agency: OSt
  • Transcribing agency: OSt

150 ## - HEADING--TOPICAL TERM

  • Topical term or geographic name entry element: Buying behaviour, COVID-19, Economic nationalism, Consumer ethnocentrism, Sustainable approach

670 ## - SOURCE DATA FOUND

  • Source citation: Work cat.: (OSt): Verma, Meghna Naveen, B. R. 27912, Covid-19 impact on buying behaviour

Powered by Koha